00505naa a2200169 450000500170000001000170001702000230003402000260005703500170008303700190010008200060011910000180012524500370014326000370018027000950021730000230031220120207141937.0 aB-481918-938 c175.00a8186895140 c175.00a9788186895146 aB-481918-938 bBlue Berry/Ven aS1 aWhitaker, Zai1 aAndamans boy /cby Zai Whitaker, aChennaibTukika Publishersc2011 a4/32, Subhash Gali, Vishwas Nagar, ShahdarabDelhie110 032mshilalekhbooks@rediffmail.com a243 p.c22cm (pbk)